Vista normal
Vista MARC
Entrada Personal Name
Número de registros utilizados en: 1
001 - CONTROL NUMBER
- control field: 12613
003 - CONTROL NUMBER IDENTIFIER
- control field: DLC
005 - DATE AND TIME OF LATEST TRANSACTION
- control field: 20220519173228.0
008 - FIXED-LENGTH DATA ELEMENTS
- fixed length control field: 101103n| acannaabn |a aaa c
010 ## - LIBRARY OF CONGRESS CONTROL NUMBER
- LC control number: no2010178716
- Canceled/invalid LC control number: no2010175822
035 ## - SYSTEM CONTROL NUMBER
- System control number: (OCoLC)oca08677278
040 ## - CATALOGING SOURCE
- Original cataloging agency: MX-SlUA
- Language of cataloging: spa
- Transcribing agency: Mx-PuUPA
- Modifying agency: DLC
- Modifying agency: Mx-PuUPA
- Description conventions: rda
100 1# - HEADING--PERSONAL NAME
- Personal name: Alonso Aguerrebere, José María,
372 ## - FIELD OF ACTIVITY
- Field of activity: Tutoría
374 ## - OCCUPATION
- Occupation: Autor
375 ## - GENDER
- Gender: hombre
377 ## - ASSOCIATED LANGUAGE
- Language code: spa
400 1# - SEE FROM TRACING--PERSONAL NAME
- Personal name: Aguerrebere, José María Alonso
670 ## - SOURCE DATA FOUND
- Source citation: Don Mariano Jiménez, héroe de la independencia de México, 2010:
- Information found: t. p. (José María Alonso Aguerrebere)
670 ## - SOURCE DATA FOUND
- Source citation: Excélsior, viewed 6 Dec. 2010
- Information found: article: "Revaloran al prócer Mariano Jiménez" dated 2010-08-20 (Con motivo del Bicentenario de la Independencia y con la intención de 'hacerle justica histórica' al prócer ... tres de sus descendientes: José María Alonso Aguerrebere y Alejandro y Ángel Aguerrebere Gálvez escribieron el libro "Don Mariano Jiménez, héroe de la Independencia de México"; señaló Alonso Aguerrebere, 'la historia mexicana se ha centrado en los grandes personajes, de Jiménez se conoce poco, existe su casa y la están reconstruyendo, también hay una estatua, pero no hay una memoria histórica sobre él.', etc.)
- Uniform Resource Identifier: http://www.excelsior.com.mx/index.php?m=nota&id_nota=651836